Living Theologies: Reflections from Diverse Specifications (Record no. 23205)

MARC details
000 -LEADER
fixed length control field 00360nam a22001337a 4500
020 ## - INTERNATIONAL STANDARD BOOK NUMBER
ISBN 9789351485797
082 ## - DEWEY DECIMAL CLASSIFICATION NUMBER
Classification number 230 RAZ
100 ## - MAIN ENTRY--AUTHOR NAME
Author name Razu, I John Mohan
245 ## - TITLE STATEMENT
Title Living Theologies: Reflections from Diverse Specifications
260 ## - PUBLICATION, DISTRIBUTION, ETC. (IMPRINT)
Place of publication Bangalore
Name of publisher CSIRS & Christian World Imprints
Year of publication 2021
300 ## - PHYSICAL DESCRIPTION
Number of Pages 361
650 ## - SUBJECT ADDED ENTRY--TOPICAL TERM
Topical Term Theology-Christian
942 ## - ADDED ENTRY ELEMENTS (KOHA)
Koha item type Books
Holdings
Collection code Home library Current library Shelving location Date acquired Cost, normal purchase price Full call number Accession Number Koha item type
Non-fiction Henry Martyn Institute Library Henry Martyn Institute Library General stacks 01/07/2022 450.00 230 RAZ 11004556 Books
                   Copyright © 2026 | Henry Martyn Institute | Hyderabad | TS-500052 | INDIA | Implemented by hmi.edu.in
Hit-Count:

Powered by Koha